| 000 | 00743nam a2200241 a 4500 | ||
|---|---|---|---|
| 001 | 70518 | ||
| 003 | BD-RjUL | ||
| 005 | 20211209082018.0 | ||
| 008 | 170418s2007 maua b 001 0 eng d | ||
| 035 | _a(BD-RjUL) 70732 | ||
| 040 |
_aDLC _cDLC _dYDXCP _dTXA _dC#P _dBWX _dCDX _dBD-RjUL _beng |
||
| 041 | _aeng | ||
| 082 | 0 | 0 |
_a516.36 _223 _bSHD 2007 |
| 100 |
_aShaikh, A A _9208740 |
||
| 245 | 1 | 0 |
_aDifferential geometry of manifolds / _cA A Shaikh |
| 260 |
_aNew Delhi : _bNarosa Pub. , _cc2007. |
||
| 300 |
_axi, 298 p. : _bill. ; _c24 cm. |
||
| 504 | _aIncludes bibliographical references and index. | ||
| 650 | 0 |
_aManifolds (Mathematics) _9138725 |
|
| 650 | 0 |
_aDifferential geometry. _9152044 |
|
| 942 |
_2ddc _cBK |
||
| 999 |
_c70518 _d70518 |
||